000 00500nam a2200181Ia 4500
008 240925s9999 xx 000 0 und d
020 _a1883577985
082 _a005.133 BRA
100 _aBartlett, Neil
245 0 _aCutting Edge Java Game Programming
250 _aNA
260 _aArizona:
_bCoriolis Group Book
_c,1996.
300 _axv,191p.
_bNA
_fOriginal
500 _aIncludes Index
600 _aComputer Science
650 _aComputer science, information & general works
942 _cBK
999 _c4863
_d4863